Malaysian frogs & toads (Record no. 68050)

MARC details
000 -LEADER
fixed length control field 00688nam a2200241 i 4500
001 - CONTROL NUMBER
control field C2-0255699
003 - CONTROL NUMBER IDENTIFIER
control field PPAK
005 - DATE AND TIME OF LATEST TRANSACTION
control field 20180727223326.0
008 - FIXED-LENGTH DATA ELEMENTS--GENERAL INFORMATION
fixed length control field 040615s1990 my a|||| ||||| | eng d
020 ## - INTERNATIONAL STANDARD BOOK NUMBER
International Standard Book Number 983968101X
040 ## - CATALOGING SOURCE
Original cataloging agency PPAK
Language of cataloging eng
Transcribing agency PPAK
Description conventions rda
082 04 - DEWEY DECIMAL CLASSIFICATION NUMBER
Classification number 597.809595
Edition number 23
090 00 - LOCALLY ASSIGNED LC-TYPE CALL NUMBER (OCLC); LOCAL CALL NUMBER (RLIN)
Classification number (OCLC) (R) ; Classification number, CALL (RLIN) (NR) 597.809595
Feature heading KIE
Feature heading RK
100 1# - MAIN ENTRY--PERSONAL NAME
Personal name Kiew, Bong Heang,
Relator term author
245 10 - TITLE STATEMENT
Title Malaysian frogs & toads
264 #1 - PRODUCTION, PUBLICATION, DISTRIBUTION, MANUFACTURE, AND COPYRIGHT NOTICE
Place of production, publication, distribution, manufacture Kuala Lumpur :
Name of producer, publisher, distributor, manufacturer Malayan Nature Society ,
Date of production, publication, distribution, manufacture, or copyright notice 1990
300 ## - PHYSICAL DESCRIPTION
Extent 41 pages :
Other physical details colour illustrations ;
Dimensions 18 cm
336 ## - CONTENT TYPE
Source rdacontent
Content type term text
337 ## - MEDIA TYPE
Source rdamedia
Media type term unmediated
338 ## - CARRIER TYPE
Source rdacarrier
Carrier type term volume
650 10 - SUBJECT ADDED ENTRY--TOPICAL TERM
Topical term or geographic name entry element Malaysia Juvenile literature
942 ## - ADDED ENTRY ELEMENTS (KOHA)
-- dc
Koha item type Book
Holdings
Withdrawn Not for loan Current library Shelving location Date acquired Full call number Barcode Date last seen Koha item type
  Not For Loan Perpustakaan Jitra Rujukan Kanak-kanak 15/06/2004 RK 597.809595 KIE A00850091 08/05/2018 Book